Score 0/21 Timer 04:00
1 Play Today
French Thing Missing Word % Correct
Tour de ______France
97%
Notre-____ CathedralDame
96.6%
______ TowerEiffel
96.6%
Paris: The City of ______Light
90.8%
________ BonaparteNapoléon
88.4%
_____ XIVLouis
87.5%
______ de GaulleCharles
83.7%
Coq au ___Vin
72%
____ d'AzurCôte
68.7%
Arc de ________Triomphe
67.6%
______ BourguignonBœuf
62.3%
French Thing Missing Word % Correct
Cyrano de _______Bergerac
60.4%
Liberty, Equality, __________Fraternity
54.2%
Zinédine ______Zidane
47.8%
Paris Saint-_______Germain
44.3%
Jean Paul _______Gaultier
42.6%
Henri de ________-LautrecToulouse
42.3%
_____ ValleyLoire
39.3%
Antoine de _____ -ExupérySaint
37.2%
__________-RoussillonLanguedoc
15.5%
Saint Pierre and ________Miquelon
15.3%

Today's Daily Dose

Missing Word
'T' Pairs

Word Ladder
Game Pieces

Get the Picture
Baseball Movies

Remove Ads.
Support Sporcle.
Get the best of Sporcle when you Go Orange. This ad-free experience offers more features, more stats, and more fun while also helping to support Sporcle. Thank you for becoming a member.

You're not logged in!

Compare scores with friends on all Sporcle quizzes.
OR
Log In

Show Comments

Extras

Top Quizzes Today


Score Distribution

Your Account Isn't Verified!

In order to create a playlist on Sporcle, you need to verify the email address you used during registration. Go to your Sporcle Settings to finish the process.

Report this User

Report this user for behavior that violates our Community Guidelines.

Details: